[Event "SUI-ch U12"]
[Site "Geneve"]
[Date "2013.06.27"]
[Round "1"]
[White "Stijve, Theo"]
[Black "Seliner, Kira"]
[Result "1/2-1/2"]
[WhiteElo "1561"]
[BlackElo "1425"]
[PlyCount "109"]
[EventDate "2013.06.27"]
[EventType "swiss"]
[EventRounds "7"]
[EventCountry "SUI"]
[SourceTitle "EXT 2014"]
[Source "ChessBase"]
[SourceDate "2013.11.20"]
[SourceVersion "1"]
[SourceVersionDate "2013.11.20"]
[SourceQuality "1"]

1. e4 e5 2. Nf3 Nc6 3. Nc3 Nf6 4. d4 exd4 5. Nxd4 Bc5 6. Nxc6 bxc6 7. Bd3 0-0 8. 0-0 Re8 9. Bg5 Be7 10. Bxf6 Bxf6 11. Qd2 d5 12. exd5 cxd5 13. Nxd5 Bxb2 14. Rab1 Bd4 15. Rbe1 Bb7 16. Rxe8+ Qxe8 17. Bxh7+ Kxh7 18. Qxd4 Qc6 19. Qh4+ Qh6 20. Qxh6+ Kxh6 21. Ne3 Rd8 22. Rb1 Bc6 23. Kf1 Kg6 24. Rb3 Kf6 25. Ra3 Rd6 26. Rxa7 Rd7 27. Ra3 Ke6 28. Ke1 Re7 29. Kd2 Re8 30. Kc3 g6 31. Rb3 f5 32. g3 Ke5 33. Rb4 g5 34. f4+ gxf4 35. gxf4+ Kf6 36. Nf1 Bg2 37. Ng3 Bd5 38. Rb5 c6 39. Ra5 Re3+ 40. Kd2 Rf3 41. Ke2 Rc3 42. Kd2 Rc4 43. Ra8 Ke6 44. Rf8 Rxf4 45. Ke3 Rf3+ 46. Ke2 Rc3 47. Kd2 Ra3 48. Nxf5 Rxa2 49. Nd4+ Kd6 50. Rf2 Kc5 51. Ne2 Bb3 52. Kc3 Bd5 53. h4 Ra3+ 54. Kd2 Rh3 55. Nf4 1/2-1/2